Statystyki dla 15 najbardziej dotkniętych krajów Covid-19 - 21 lipiec 2021

Kliknij tutaj aby rozwiązać quiz!

Ogólne statystyki

  • Ten quiz został rozwiązany 19 razy
  • Średni wynik to 13 z 28

Statystyki odpowiedzi

kraj% Poprawnych
Stany Zjednoczone
100%
Niemcy
95%
Polska
95%
Rosja
89%
Brazylia
84%
Hiszpania
84%
Włochy
84%
Francja
79%
Wielka Brytania
79%
Indie
58%
Argentyna
47%
Portugalia
47%
Szwecja
47%
Czechy
42%
Belgia
37%
Indonezja
37%
Turcja
37%
Holandia
32%
Estonia
26%
Iran
26%
Litwa
26%
Izrael
21%
Kolumbia
21%
Słowenia
16%
Urugwaj
11%
Bahrajn
5%
Gruzja
5%
Panama
5%

Rozkład punktacji

Percentyl według liczby udzielonych odpowiedzi

Procent ludzi z każdym wynikiem

Twoja historia wyników

Nie rozwiązałeś tego quizu